10 häufigste Substantive (in Romanen) - Statistiken

Allgemein
  • Dieses Quiz wurde 7 mal gespielt
  • Das Durchschnittsergebnis liegt bei 3 aus 10
Antwortstatistiken
Rang Wort % Korrekt
2. Frau
71%
1. Mann
71%
5. Auge
29%
3. Hand
29%
8. Kopf
29%
4. Tag
29%
6. Zeit
29%
10. Mutter
14%
9. Vater
14%
7. Jahr
0%
Keine übereinstimmenden Quizze gefunden
Verteilung der Resultate
Anzahl Personen mit jedem Resultat
Perzentil nach korrekt beantworteten Fragen
Ihre Resultats-Entwicklung
Sie haben dieses Quiz noch nicht gespielt